SISTEMA DE BIBLIOTECAS
Carmen Mendoza De Cornielle

Las memorias del decano de Wall Street / (Registro nro. 18418)

Detalles MARC
000 -CABECERA
campo de control de longitud fija 01377nam a2200253 i 4500
003 - IDENTIFICADOR DEL NÚMERO DE CONTROL
campo de control DO-SdUEMH
005 - FECHA Y HORA DE LA ÚLTIMA TRANSACCIÓN
campo de control 20260421163608.0
007 - CAMPO FIJO DE DESCRIPCIÓN FÍSICA--INFORMACIÓN GENERAL
campo de control de longitud fija ta
008 - DATOS DE LONGITUD FIJA--INFORMACIÓN GENERAL
campo de control de longitud fija 260421b2023 sp |||gr|||| 000 0dspa d
020 ## - NÚMERO INTERNACIONAL ESTÁNDAR DEL LIBRO
Número Internacional Estándar del Libro 9788423435968
040 ## - FUENTE DE LA CATALOGACIÓN
Centro catalogador/agencia de origen DO-SdUEMH
Lengua de catalogación spa
Normas de descripción rda
041 ## - CÓDIGO DE LENGUA
Código de lengua del texto/banda sonora o título independiente spa
Código de lengua original eng
082 14 - NÚMERO DE LA CLASIFICACIÓN DECIMAL DEWEY
Colección Colección General
Número de documento/Ítem G738m
100 ## - ENTRADA PRINCIPAL--NOMBRE DE PERSONA
Término indicativo de función/relación autor
245 #0 - MENCIÓN DE TÍTULO
Título Las memorias del decano de Wall Street /
Mención de responsabilidad, etc. Benjamín Graham ; traducción: Mercedes Vaquero
264 01 - PRODUCCIÓN, PUBLICACIÓN, DISTRIBUCIÓN, FABRICACIÓN Y COPYRIGHT
Lugar de producción, publicación, distribución, fabricación Barcelona, España :
Nombre del de productor, editor, distribuidor, fabricante DEUSTO,
Fecha de producción, publicación, distribución, fabricación o copyright 2023
300 ## - DESCRIPCIÓN FÍSICA
Extensión 365 paginas :
Dimensiones 23 cm.
336 ## - TIPO DE CONTENIDO
Fuente rdacontent
Término de tipo de contenido texto
Código de tipo de contenido txt
337 ## - TIPO DE MEDIO
Fuente rdamedia
Nombre del tipo de medio sin mediación
Código del tipo de medio n
338 ## - TIPO DE SOPORTE
Fuente rdacarrier
Nombre del tipo de soporte volumen
Código del tipo de soporte nc
504 ## - NOTA DE BIBLIOGRAFÍA, ETC.
Nota de bibliografía, etc. Bibliografía en página 361
505 #1 - NOTA DE CONTENIDO CON FORMATO
Nota de contenido con formato En Nueva York -- Tragedias familiares: la perseverancia de mi madre -- En la escuela pública -- Los años de secundaria: Brooklyn y el Bronx -- El peón agrícola y el mecánico -- El estudiante universitario -- El comienzo de mi carrera profesional -- Los primeros años en Wall Street -- El principio del auténtico éxito -- El gran mercado alcista de los años veinte: casi me hago millonario -- La lucha por la delegación del voto de Northern Pipeline -- La familia y otros asuntos -- A mitad del camino de la vida comienza el diluvio -- El camino de vuelta, 1933-1940 -- Mi carrera como dramaturgo -- Plan de moneda de reserva de productos básicos.
942 ## - ELEMENTOS DE PUNTO DE ACCESO ADICIONAL (KOHA)
Fuente del sistema de clasificación o colocación Dewey Decimal Classification
Suprimir en OPAC No
Tipo de ítem Koha Libro

No hay ítems disponibles.

UNIREMHOS

Av. Abraham Lincoln no. 126, casi esq. José Contreras,
Santo Domingo, República Dominicana

Correo: info@uniremhos.edu.do

Tel.: (809) 532-3739

Horario: Lunes a Viernes: 8:00 am - 6:00 pm | Sábados: 8:00 am - 12:00 m

📍 Ubicación
UNEFA

Av. 27 de Febrero no. 52, El Vergel,
Santo Domingo, República Dominicana

Tel.: (809) 530-0224

📍 Ubicación
UFHEC

Av. Máximo Gómez esq. César Nicolás Penson, La Esperilla,
Santo Domingo, República Dominicana

Tel.: (809) 537-6000

📍 Ubicación